00471nam a2200109Ia 4500008004100000050002300041100002800064245012800092260008600220300002800306521002700334140724s9999 xx 000 0 und d aT 58.6b.L143 2014 aLacorte, Daryll Anne S. aSISC BSN Alumni Tracer Project (Interface initiative with the College of Information Technology) /cDaryll Anne S. Lacorte. aLas Piñas, Philippines :bSouthville International School and Colleges,cc2014. a84 p. :bill. ;c28 cm. aInformation Technology